000 00963nam a2200253 a 4500
001 BRCA_5735
005 20190320205210.0
008 040311c1935----enk######s---#000-0#eng-#
041 _aeng
044 _aenk
050 4 _aHJ255
_b.F88 1935
245 1 0 _aThe Future of Monetary Policy
_bA report on International Monetary Problems by a Group of the Royal Institute of International Affairs.
260 _aLondres
_bOxford University Press, H. Milford
_c1935
300 _a219 p.
_c24 cm.
500 _aFinal report of the study group on international monetary problems published under title : Monetary policy and the depression
500 _aH53
610 2 4 _aRoyal Institute of International Affairs
_bOxford University Press
_914551
650 1 4 _aEconomía
_xHistoria
_y1918-1945
_914552
650 1 4 _aFinanzas públicas
_98086
650 1 4 _aPolítica económica
_914553
740 0 _aMonetary policy and the depression
902 _aGFM
942 _2lcc
_cB
999 _c5425
_d5425